000 00369nam a2200157Ia 4500
003 0STCL
008 150530s9999 xx 000 0 und d
040 _aSTCL
_cSTCL
100 _aKeer, H.V.
245 _aPrinciples of the solid state
260 _bNew age international
_c1999
546 _aEnglish
942 _2ddc
_cBK
999 _c28725
_d28725
005 20220125170135.0